| 000 | 00510nam a22001577a 4500 | ||
|---|---|---|---|
| 003 | OSt | ||
| 005 | 20220915210146.0 | ||
| 008 | 220915b |||||||| |||| 00| 0 eng d | ||
| 040 | _cBiblioteca Lado V | ||
| 082 |
_a700.423.53 _bK82g |
||
| 100 | _aKönig, Walther | ||
| 245 |
_aGender Check/ _bFemininity and Masculinity in the Art of Eastern Europe/ |
||
| 260 |
_bMuseum Moderner Kunst Stiftung Ludwing Wien _c2010 |
||
| 300 |
_a387p. _c24x31.5cm |
||
| 942 |
_2ddc _c1 _h700.423.53 _iK82g _n0 |
||
| 999 |
_c2044 _d2044 |
||